[Event "Murta"]
[Site "Xativa"]
[Date "2017.07.22"]
[Round "7.2"]
[White "Cruz Lledo, Pablo"]
[Black "Plaskett, H James"]
[Result "1/2-1/2"]
[WhiteElo "2448"]
[BlackElo "2463"]
[PlyCount "102"]
[EventDate "2017.??.??"]

1. d4 {[%clk 1:30:58]} 1... e6 {[%clk 1:29:52]} 2. c4 {[%clk 1:31:06]} 2... f5
{[%clk 1:24:53]} 3. Nc3 {[%clk 1:31:30]} 3... Nf6 {[%clk 1:24:52]} 4. e3 {
[%clk 1:31:17]} 4... b6 {[%clk 1:24:52]} 5. Bd3 {[%clk 1:31:35]} 5... Bb7 {
[%clk 1:25:17]} 6. f3 {[%clk 1:32:01]} 6... g6 {[%clk 1:19:52]} 7. Nge2 {
[%clk 1:32:00]} 7... Bg7 {[%clk 1:20:20]} 8. O-O {[%clk 1:32:08]} 8... O-O {
[%clk 1:20:37]} 9. e4 {[%clk 1:26:23]} 9... Nc6 {[%clk 1:17:45]} 10. e5 {
[%clk 1:25:16]} 10... Nh5 {[%clk 1:17:01]} 11. f4 {[%clk 1:21:58]} 11... d6 {
[%clk 1:10:50]} 12. Be3 {[%clk 1:16:21]} 12... dxe5 {[%clk 0:55:36]} 13. dxe5 {
[%clk 1:15:34]} 13... g5 {[%clk 0:42:08]} 14. fxg5 {[%clk 1:14:31]} 14... Nxe5
{[%clk 0:41:40]} 15. Bc2 {[%clk 1:12:47]} 15... Nxc4 {[%clk 0:38:13]} 16. Qxd8
{[%clk 1:00:37]} 16... Raxd8 {[%clk 0:37:26]} 17. Bf2 {[%clk 0:56:22]} 17...
Nxb2 {[%clk 0:34:58]} 18. Bb3 {[%clk 0:56:47]} 18... Rfe8 {[%clk 0:34:30]} 19.
Nb5 {[%clk 0:56:43]} 19... Re7 {[%clk 0:26:10]} 20. Ned4 {[%clk 0:51:40]} 20...
Bxd4 {[%clk 0:22:44]} 21. Bxd4 {[%clk 0:51:00]} 21... c6 {[%clk 0:07:35]} 22.
Bxb2 {[%clk 0:35:26]} 22... cxb5 {[%clk 0:08:04]} 23. Rxf5 {[%clk 0:34:43]}
23... Bd5 {[%clk 0:04:40]} 24. Rf2 {[%clk 0:30:46]} 24... Rdd7 {[%clk 0:02:32]}
25. g4 {[%clk 0:27:54]} 25... Ng7 {[%clk 0:03:00]} 26. Rc1 {[%clk 0:20:39]}
26... Rc7 {[%clk 0:02:52]} 27. Rxc7 {[%clk 0:18:30]} 27... Rxc7 {[%clk 0:03:21]
} 28. Ba3 {[%clk 0:18:59]} 28... Rc8 {[%clk 0:02:17]} 29. h4 {[%clk 0:18:44]}
29... a5 {[%clk 0:02:27]} 30. Bd6 {[%clk 0:18:22]} 30... Ne8 {[%clk 0:00:43]}
31. Be5 {[%clk 0:16:19]} 31... Bxb3 {[%clk 0:00:50]} 32. axb3 Rc5 33. Bd4 {
[%clk 0:16:26]} 33... Rc1+ {[%clk 0:00:52]} 34. Kg2 {[%clk 0:16:37]} 34... a4 {
[%clk 0:00:55]} 35. bxa4 {[%clk 0:16:00]} 35... bxa4 {[%clk 0:01:24]} 36. Bxb6
{[%clk 0:13:54]} 36... Rc4 {[%clk 0:01:45]} 37. Kh3 {[%clk 0:13:25]} 37... Nd6
{[%clk 0:01:40]} 38. Rd2 {[%clk 0:12:59]} 38... Rc3+ {[%clk 0:01:18]} 39. Kh2 {
[%clk 0:13:18]} 39... Rc6 {[%clk 0:01:15]} 40. Bd4 {[%clk 0:13:46]} 40... Nc4 {
[%clk 0:01:25]} 41. Re2 {[%clk 0:12:02]} 41... a3 {[%clk 0:01:50]} 42. h5 {
[%clk 0:11:31]} 42... Rd6 {[%clk 0:01:19]} 43. Bc3 {[%clk 0:09:53]} 43... Rd3 {
[%clk 0:00:49]} 44. Bb4 {[%clk 0:10:22]} 44... e5 {[%clk 0:00:39]} 45. Rc2 {
[%clk 0:10:01]} 45... Rd4 {[%clk 0:01:04]} 46. Kh3 {[%clk 0:10:00]} 46... Kf7 {
[%clk 0:00:37]} 47. Rf2+ {[%clk 0:08:01]} 47... Rf4 {[%clk 0:00:45]} 48. Rxf4+
{[%clk 0:06:29]} 48... exf4 {[%clk 0:01:13]} 49. Bxa3 {[%clk 0:06:02]} 49...
Nxa3 {[%clk 0:00:51]} 50. Kg2 {[%clk 0:06:31]} 50... Nc4 {[%clk 0:00:38]} 51.
Kf3 {[%clk 0:06:53]} 51... Ne5+ {[%clk 0:00:42]} 1/2-1/2

[Event "Murta"]
[Site "Xativa"]
[Date "2017.07.22"]
[Round "7.3"]
[White "Silva Rodriguez, Fernando"]
[Black "Granero Roca, Antonio"]
[Result "1/2-1/2"]
[WhiteElo "2216"]
[BlackElo "2387"]
[PlyCount "62"]
[EventDate "2017.??.??"]

1. d4 {[%clk 1:30:57]} 1... Nf6 {[%clk 1:30:47]} 2. c4 {[%clk 1:31:22]} 2... e6
{[%clk 1:31:06]} 3. Nf3 {[%clk 1:31:46]} 3... Bb4+ {[%clk 1:30:44]} 4. Nbd2 {
[%clk 1:32:06]} 4... O-O {[%clk 1:30:51]} 5. a3 {[%clk 1:32:27]} 5... Bxd2+ {
[%clk 1:31:01]} 6. Qxd2 {[%clk 1:32:51]} 6... b6 {[%clk 1:31:26]} 7. e3 {
[%clk 1:33:16]} 7... Bb7 {[%clk 1:30:41]} 8. Be2 {[%clk 1:33:38]} 8... d6 {
[%clk 1:30:45]} 9. O-O {[%clk 1:33:50]} 9... Nbd7 {[%clk 1:30:43]} 10. b4 {
[%clk 1:34:10]} 10... a5 {[%clk 1:30:02]} 11. Bb2 {[%clk 1:34:19]} 11... Qe7 {
[%clk 1:29:38]} 12. Rfd1 {[%clk 1:29:10]} 12... Ne4 {[%clk 1:27:56]} 13. Qc2 {
[%clk 1:29:33]} 13... f5 {[%clk 1:28:01]} 14. d5 {[%clk 1:20:04]} 14... e5 {
[%clk 1:27:11]} 15. Nd2 {[%clk 1:15:49]} 15... Nxd2 {[%clk 1:24:11]} 16. Qxd2 {
[%clk 1:16:10]} 16... Qh4 {[%clk 1:22:37]} 17. g3 {[%clk 1:05:48]} 17... Qh6 {
[%clk 1:20:39]} 18. f4 {[%clk 1:06:05]} 18... Rfe8 {[%clk 1:18:55]} 19. Rf1 {
[%clk 1:01:12]} 19... Qg6 {[%clk 1:15:38]} 20. Bd3 {[%clk 0:58:55]} 20... e4 {
[%clk 1:15:14]} 21. Be2 {[%clk 0:59:13]} 21... Nf6 {[%clk 1:15:06]} 22. Bc3 {
[%clk 0:58:28]} 22... a4 {[%clk 1:13:02]} 23. Kg2 {[%clk 0:50:59]} 23... h6 {
[%clk 1:10:45]} 24. Rg1 {[%clk 0:51:04]} 24... Kh7 {[%clk 1:10:07]} 25. h3 {
[%clk 0:50:16]} 25... Bc8 {[%clk 1:08:11]} 26. Kf2 {[%clk 0:46:10]} 26... Bd7 {
[%clk 1:07:49]} 27. Rg2 {[%clk 0:46:29]} 27... Qf7 {[%clk 1:06:00]} 28. Rd1 {
[%clk 0:45:17]} 28... Rg8 {[%clk 1:05:17]} 29. Qb2 {[%clk 0:38:43]} 29... Ne8 {
[%clk 1:01:50]} 30. Kg1 {[%clk 0:32:53]} 30... Rb8 {[%clk 1:01:07]} 31. Kh2 {
[%clk 0:33:06]} 31... Qe7 {[%clk 1:00:42]} 1/2-1/2

[Event "Murta"]
[Site "Xativa"]
[Date "2017.07.22"]
[Round "7.4"]
[White "Camarena Gimenez, Rufino"]
[Black "Aymerich Rosell, Pablo"]
[Result "1-0"]
[WhiteElo "2383"]
[BlackElo "2233"]
[PlyCount "75"]
[EventDate "2017.??.??"]

1. d4 {[%clk 1:30:56]} 1... f5 {[%clk 1:30:44]} 2. g3 {[%clk 1:30:33]} 2... Nf6
{[%clk 1:30:53]} 3. Bg2 {[%clk 1:30:58]} 3... g6 {[%clk 1:31:14]} 4. c4 {
[%clk 1:30:53]} 4... Bg7 {[%clk 1:31:23]} 5. Nf3 {[%clk 1:31:12]} 5... O-O {
[%clk 1:31:32]} 6. O-O {[%clk 1:31:33]} 6... d6 {[%clk 1:31:19]} 7. Nc3 {
[%clk 1:31:39]} 7... c6 {[%clk 1:31:28]} 8. b4 {[%clk 1:31:48]} 8... Kh8 {
[%clk 1:30:24]} 9. Rb1 {[%clk 1:30:23]} 9... Ne4 {[%clk 1:21:54]} 10. Bb2 {
[%clk 1:28:05]} 10... d5 {[%clk 1:19:36]} 11. b5 {[%clk 1:13:20]} 11... Be6 {
[%clk 1:14:21]} 12. bxc6 {[%clk 1:12:39]} 12... bxc6 {[%clk 1:13:20]} 13. Qa4 {
[%clk 1:05:04]} 13... Nxc3 {[%clk 0:57:55]} 14. Bxc3 {[%clk 1:05:14]} 14...
dxc4 {[%clk 0:54:04]} 15. Ne5 {[%clk 0:57:06]} 15... Bd5 {[%clk 0:44:37]} 16.
Bxd5 {[%clk 0:43:14]} 16... cxd5 {[%clk 0:37:10]} 17. Rb7 {[%clk 0:42:06]}
17... Bxe5 {[%clk 0:29:56]} 18. dxe5 {[%clk 0:42:23]} 18... e6 {[%clk 0:26:27]}
19. Rfb1 {[%clk 0:36:10]} 19... a5 {[%clk 0:19:09]} 20. Qb5 {[%clk 0:21:37]}
20... Qc8 {[%clk 0:14:02]} 21. Bxa5 {[%clk 0:15:57]} 21... Qe8 {[%clk 0:12:32]}
22. Qb6 {[%clk 0:13:13]} 22... Na6 {[%clk 0:09:06]} 23. Bd2 {[%clk 0:10:41]}
23... c3 {[%clk 0:03:38]} 24. Bxc3 {[%clk 0:10:51]} 24... Rf7 {[%clk 0:02:53]}
25. Qd6 {[%clk 0:08:42]} 25... f4 {[%clk 0:00:54]} 26. Bd2 {[%clk 0:06:52]}
26... g5 {[%clk 0:01:08]} 27. R1b6 {[%clk 0:07:00]} 27... Rxb7 {[%clk 0:00:46]}
28. Rxb7 {[%clk 0:07:25]} 28... Rb8 29. Qxa6 {[%clk 0:07:33]} 29... Rxb7 {
[%clk 0:00:44]} 30. Qxb7 {[%clk 0:07:57]} 30... Qa4 {[%clk 0:00:34]} 31. Qb4 {
[%clk 0:07:20]} 31... Qd1+ {[%clk 0:00:48]} 32. Kg2 {[%clk 0:07:42]} 32... Kg8
{[%clk 0:00:57]} 33. gxf4 {[%clk 0:07:25]} 33... g4 {[%clk 0:00:56]} 34. Qb8+ {
[%clk 0:05:17]} 34... Kg7 {[%clk 0:00:54]} 35. Qa7+ {[%clk 0:05:41]} 35... Kg6
{[%clk 0:01:14]} 36. Qe3 {[%clk 0:06:03]} 36... h5 {[%clk 0:01:32]} 37. f5+ {
[%clk 0:06:07]} 37... exf5 {[%clk 0:01:40]} 38. Qg5+ {[%clk 0:06:27]} 1-0

[Event "Murta"]
[Site "Xativa"]
[Date "2017.07.22"]
[Round "7.5"]
[White "Montalban Galvez, Antoni"]
[Black "Silva Rodriguez, Julio Jose"]
[Result "0-1"]
[WhiteElo "2191"]
[BlackElo "2334"]
[PlyCount "68"]
[EventDate "2017.??.??"]

1. d4 {[%clk 1:25:59]} 1... Nf6 {[%clk 1:30:48]} 2. Nf3 {[%clk 1:26:00]} 2...
e6 {[%clk 1:31:08]} 3. c4 {[%clk 1:26:21]} 3... d5 {[%clk 1:31:28]} 4. g3 {
[%clk 1:26:43]} 4... Bb4+ {[%clk 1:31:28]} 5. Bd2 {[%clk 1:26:10]} 5... Be7 {
[%clk 1:31:48]} 6. Bg2 {[%clk 1:26:13]} 6... c6 7. Qc2 {[%clk 1:19:29]} 7...
Nbd7 {[%clk 1:32:07]} 8. O-O {[%clk 1:19:52]} 8... O-O {[%clk 1:32:21]} 9. Bf4
{[%clk 1:19:41]} 9... b6 {[%clk 1:32:06]} 10. cxd5 {[%clk 1:12:46]} 10... cxd5
{[%clk 1:18:01]} 11. Nc3 {[%clk 1:11:46]} 11... Ba6 {[%clk 1:17:32]} 12. Qa4 {
[%clk 0:56:45]} 12... Qc8 {[%clk 1:17:23]} 13. Rfc1 {[%clk 0:55:43]} 13... Qb7
{[%clk 1:17:29]} 14. Qd1 {[%clk 0:52:22]} 14... Rfc8 {[%clk 1:16:37]} 15. a3 {
[%clk 0:46:22]} 15... Nh5 {[%clk 1:09:10]} 16. Bd2 {[%clk 0:46:09]} 16... Nhf6
{[%clk 1:04:53]} 17. Bf4 {[%clk 0:44:12]} 17... h6 {[%clk 1:03:12]} 18. Ne5 {
[%clk 0:40:30]} 18... b5 {[%clk 0:52:17]} 19. Nd3 {[%clk 0:36:19]} 19... Qb6 {
[%clk 0:51:16]} 20. h3 {[%clk 0:30:19]} 20... b4 {[%clk 0:43:17]} 21. Nxb4 {
[%clk 0:26:47]} 21... Bxb4 {[%clk 0:43:41]} 22. axb4 {[%clk 0:27:08]} 22... Rc4
{[%clk 0:41:20]} 23. e4 {[%clk 0:25:30]} 23... dxe4 {[%clk 0:33:46]} 24. Nxe4 {
[%clk 0:19:59]} 24... Nxe4 {[%clk 0:32:37]} 25. Bxe4 {[%clk 0:18:31]} 25...
Rac8 {[%clk 0:32:39]} 26. Rxc4 {[%clk 0:18:05]} 26... Bxc4 {[%clk 0:33:01]} 27.
Qa4 {[%clk 0:11:39]} 27... Nf6 {[%clk 0:31:46]} 28. Bf3 {[%clk 0:11:36]} 28...
Bd5 {[%clk 0:29:31]} 29. Bxd5 {[%clk 0:06:12]} 29... Nxd5 {[%clk 0:29:59]} 30.
Qxa7 {[%clk 0:06:35]} 30... Qxb4 {[%clk 0:30:17]} 31. Qd7 {[%clk 0:06:21]}
31... Rc2 {[%clk 0:30:18]} 32. Bd6 {[%clk 0:03:46]} 32... Qxd4 {[%clk 0:28:21]}
33. Rf1 {[%clk 0:00:36]} 33... Ne3 {[%clk 0:27:57]} 34. Qe8+ {[%clk 0:00:33]}
34... Kh7 {[%clk 0:28:10]} 0-1

[Event "Murta"]
[Site "Xativa"]
[Date "2017.07.22"]
[Round "7.6"]
[White "Nieves Cabanes, Jose Manuel"]
[Black "Roca Cruz, Rafael"]
[Result "1-0"]
[WhiteElo "2277"]
[BlackElo "2003"]
[PlyCount "65"]
[EventDate "2017.??.??"]

1. Nf3 {[%clk 1:30:53]} 1... b5 {[%clk 1:30:54]} 2. d4 {[%clk 1:23:43]} 2...
Bb7 {[%clk 1:31:12]} 3. c3 e6 {[%clk 1:29:38]} 4. Bf4 {[%clk 1:19:35]} 4... Nf6
{[%clk 1:29:29]} 5. e3 {[%clk 1:19:25]} 5... a6 {[%clk 1:29:53]} 6. Nbd2 {
[%clk 1:18:23]} 6... Be7 {[%clk 1:30:09]} 7. h3 {[%clk 1:17:41]} 7... O-O 8.
Bd3 {[%clk 1:16:50]} 8... d6 {[%clk 1:30:04]} 9. O-O {[%clk 1:16:50]} 9... Nbd7
{[%clk 1:30:25]} 10. e4 {[%clk 1:16:08]} 10... c5 {[%clk 1:29:28]} 11. Qe2 {
[%clk 1:14:49]} 11... Re8 {[%clk 1:26:49]} 12. Rfd1 {[%clk 1:10:55]} 12... Rc8
{[%clk 1:22:59]} 13. a4 {[%clk 1:10:54]} 13... c4 14. Bc2 {[%clk 1:10:12]}
14... Nf8 {[%clk 1:17:56]} 15. Bh2 {[%clk 1:07:22]} 15... Ng6 {[%clk 1:14:46]}
16. Rab1 {[%clk 1:04:41]} 16... Qd7 {[%clk 1:08:41]} 17. axb5 {[%clk 1:02:51]}
17... axb5 {[%clk 1:08:41]} 18. b3 {[%clk 1:02:49]} 18... Qc6 {[%clk 1:02:49]}
19. bxc4 {[%clk 1:01:02]} 19... bxc4 {[%clk 1:03:10]} 20. Rb4 {[%clk 0:57:16]}
20... d5 {[%clk 0:48:54]} 21. Ba4 {[%clk 0:56:16]} 21... Qa6 {[%clk 0:48:59]}
22. Bb5 {[%clk 0:55:15]} 22... Qb6 {[%clk 0:47:19]} 23. Bxe8 {[%clk 0:49:50]}
23... Bxb4 {[%clk 0:47:41]} 24. Bxf7+ {[%clk 0:49:11]} 24... Kxf7 {
[%clk 0:48:09]} 25. Rb1 {[%clk 0:49:20]} 25... Qc6 {[%clk 0:31:15]} 26. Rxb4 {
[%clk 0:49:18]} 26... Nxe4 {[%clk 0:31:46]} 27. Nxe4 {[%clk 0:48:10]} 27...
dxe4 {[%clk 0:31:41]} 28. Ng5+ {[%clk 0:38:22]} 28... Kg8 29. Nxe6 Ra8 {
[%clk 0:25:39]} 30. Bg3 {[%clk 0:38:07]} 30... Ra1+ 31. Kh2 {[%clk 0:38:34]}
31... e3 {[%clk 0:25:50]} 32. fxe3 {[%clk 0:38:34]} 32... h6 {[%clk 0:25:50]}
33. Nd8 {[%clk 0:38:34]} 1-0

[Event "Murta"]
[Site "Xativa"]
[Date "2017.07.22"]
[Round "7.7"]
[White "Ibanez Aullana, Ramon"]
[Black "Sanz Garcia, Roberto"]
[Result "1-0"]
[WhiteElo "2274"]
[BlackElo "1964"]
[PlyCount "37"]
[EventDate "2017.??.??"]

1. Nf3 Nf6 2. g3 c6 3. Bg2 Qc7 4. O-O e5 5. e4 Bc5 6. d4 exd4 7. e5 Nd5 8. Nxd4
Ne7 9. Nb3 Qxe5 10. Bf4 Qf5 11. Nxc5 d5 12. Re1 b6 13. Re5 Qf6 14. Qe2 h6 15.
Nb3 g5 16. Bd2 Nd7 17. Bc3 Nxe5 18. Bxe5 Ba6 19. Bxf6 1-0

[Event "Murta Xativa"]
[Site "Hotel Murta, Calle Catedrátic"]
[Date "2017.07.21"]
[Round "7.8"]
[White "Pedros Viudes, Santiago"]
[Black "Bas Mas, Miguel"]
[Result "1/2-1/2"]
[WhiteElo "2026"]
[BlackElo "2244"]
[PlyCount "88"]
[EventDate "2017.07.17"]

1. d4 f5 2. g3 Nf6 3. Bg2 e6 4. Nf3 Be7 5. O-O O-O 6. c4 d6 7. Nc3 a5 8. Qc2
Nc6 9. a3 e5 10. d5 Nb8 11. e4 Qe8 12. Bg5 Qg6 13. Bxf6 Bxf6 14. exf5 Bxf5 15.
Qb3 b6 16. Nd2 a4 17. Qd1 Bg4 18. Be4 Qh5 19. Bf3 Bxf3 20. Qxf3 Qxf3 21. Nxf3
Nd7 22. Nd2 Nc5 23. Nde4 Nb3 24. Rad1 Na5 25. Nb5 Rf7 26. Rc1 Raf8 27. Rc3 Bd8
28. Kg2 g5 29. g4 Rf4 30. f3 h6 31. Rf2 h5 32. h3 hxg4 33. hxg4 R8f7 34. Kg3
Rh7 35. Rh2 Rxh2 36. Kxh2 Kf7 37. Kg2 Ke8 38. Na7 Kd7 39. Kf2 Be7 40. Nb5 Rf7
41. Kg2 Rf8 42. Kf2 Rh8 43. Kg2 Rf8 44. Kf2 Rh8 1/2-1/2

[Event "Murta Xativa"]
[Site "Hotel Murta, Calle Catedrátic"]
[Date "2017.07.21"]
[Round "7.9"]
[White "Gonzalvez Tamarit, Ruben"]
[Black "Nicolas Zapata, Javier"]
[Result "1/2-1/2"]
[WhiteElo "1954"]
[BlackElo "2171"]
[PlyCount "47"]
[EventDate "2017.07.17"]

1. e4 c5 2. Nf3 a6 3. c4 e6 4. d4 cxd4 5. Nxd4 Nf6 6. Nc3 Qc7 7. Be3 Bb4 8. f3
O-O 9. Qb3 Bc5 10. Be2 Nc6 11. Nxe6 fxe6 12. Bxc5 d6 13. Bf2 Nh5 14. O-O Nf4
15. Qb6 Qf7 16. Rad1 Qg6 17. Bg3 e5 18. Bxf4 Rxf4 19. Nd5 Rf7 20. Kh1 Be6 21.
Nc7 Rc8 22. Nxe6 Qxe6 23. Rd5 Rd7 24. c5 1/2-1/2

[Event "Murta Xativa"]
[Site "Hotel Murta, Calle Catedrátic"]
[Date "2017.07.21"]
[Round "7.10"]
[White "Megias Chafer, Alejandro"]
[Black "Raimundo Medina, Fermin"]
[Result "1-0"]
[WhiteElo "2118"]
[BlackElo "1860"]
[PlyCount "59"]
[EventDate "2017.07.17"]

1. e4 c5 2. Nf3 d6 3. d4 cxd4 4. Nxd4 Nf6 5. Nc3 a6 6. f3 e6 7. Be3 b5 8. g4 h6
9. Qd2 Bb7 10. O-O-O Nbd7 11. Bd3 b4 12. Nce2 d5 13. exd5 Nxd5 14. Nxe6 Qa5 15.
Kb1 fxe6 16. Bg6+ Kd8 17. Nf4 Ne5 18. Nxe6+ Kc8 19. Bf5 Kb8 20. Bf4 Bd6 21. Qd4
Nf7 22. Bxd6+ Nxd6 23. Nc5 Rd8 24. Nxb7 Nxb7 25. Qxg7 Nc3+ 26. bxc3 Rxd1+ 27.
Rxd1 bxc3 28. Ka1 Ka7 29. Rb1 Rb8 30. Be4 1-0

[Event "Murta"]
[Site "Xativa"]
[Date "2017.07.22"]
[Round "7.12"]
[White "Apolo Sanchez, Manuel"]
[Black "Sanchez Saez, Francisco"]
[Result "0-1"]
[WhiteElo "1987"]
[BlackElo "2266"]
[PlyCount "60"]
[EventDate "2017.??.??"]

1. d4 g6 2. Nc3 Bg7 3. e4 d6 4. f4 a6 5. Nf3 b5 6. Be3 Bb7 7. Bd3 b4 8. Nb1 Nf6
9. Nbd2 Nbd7 10. h3 c5 11. c3 a5 12. a3 O-O 13. O-O c4 14. Bxc4 Nxe4 15. Nxe4
Bxe4 16. Ng5 d5 17. Nxe4 dxc4 18. axb4 axb4 19. cxb4 Nb6 20. Rxa8 Qxa8 21. Nc3
Rd8 22. Qe2 e6 23. Qf2 Nc8 24. g4 Ne7 25. Qf3 Qb8 26. f5 exf5 27. d5 Qxb4 28.
d6 Rxd6 29. Qa8+ Bf8 30. Bh6 Qb6+ 0-1

[Event "Murta"]
[Site "Xativa"]
[Date "2017.07.22"]
[Round "7.14"]
[White "Insa Alfonso, Pablo"]
[Black "Sampedro Barrios, Pablo"]
[Result "1-0"]
[WhiteElo "2228"]
[BlackElo "1899"]
[PlyCount "59"]
[EventDate "2017.??.??"]

1. e4 b6 2. d4 Bb7 3. Bd3 Nf6 4. Qe2 e6 5. Nf3 Be7 6. O-O d6 7. c4 Nbd7 8. Rd1
e5 9. c5 exd4 10. cxd6 Bxd6 11. e5 Bxf3 12. gxf3 Nxe5 13. f4 O-O 14. fxe5 Re8
15. f4 Bc5 16. Nd2 Nd5 17. Nf3 Nb4 18. Bd2 Qd7 19. Bxb4 Bxb4 20. Kh1 Qg4 21.
Qe4 f5 22. Qd5+ Kh8 23. Ng5 h6 24. Rg1 Qxf4 25. Raf1 Qh4 26. Nf7+ Kg8 27. Nxh6+
Kh8 28. Nf7+ Kg8 29. Ng5+ Kh8 30. Rf3 1-0

[Event "Murta"]
[Site "Xativa"]
[Date "2017.07.22"]
[Round "7.19"]
[White "Nieto Tornero, Jose"]
[Black "Morant Gomar, Sergio"]
[Result "1-0"]
[WhiteElo "1962"]
[BlackElo "1687"]
[PlyCount "61"]
[EventDate "2017.??.??"]

1. e4 c5 2. Nf3 Nc6 3. d4 cxd4 4. Nxd4 Nf6 5. Nc3 e5 6. Ndb5 d6 7. Bg5 a6 8.
Bxf6 gxf6 9. Na3 b5 10. Nd5 Bg7 11. c3 Ne7 12. Nxe7 Qxe7 13. Nc2 f5 14. exf5
Bxf5 15. Qf3 Bxc2 16. Qxa8+ Qd8 17. Qxd8+ Kxd8 18. Kd2 Be4 19. a4 Bc6 20. axb5
axb5 21. Ra7 Rf8 22. Kc2 e4 23. Be2 b4 24. Rha1 bxc3 25. bxc3 Bd7 26. Rb1 Ke7
27. Rbb7 Rd8 28. Bb5 Rc8 29. Rxd7+ Ke6 30. Re7+ Kd5 31. Rac7 1-0

[Event "Murta"]
[Site "Xativa"]
[Date "2017.07.22"]
[Round "7.35"]
[White "Domenech Briz, Jose"]
[Black "Pallas Moragues, Gerard"]
[Result "1/2-1/2"]
[WhiteElo "1395"]
[BlackElo "1458"]
[PlyCount "47"]
[EventDate "2017.??.??"]

1. e4 e5 2. Nf3 Nc6 3. Bc4 Be7 4. O-O Nf6 5. Re1 d6 6. c3 O-O 7. h3 Na5 8. Bb5
a6 9. Ba4 b5 10. Bc2 c5 11. d4 Qc7 12. d5 Nb7 13. Nbd2 Re8 14. Nf1 Bf8 15. Ng3
g6 16. b4 Bg7 17. Be3 a5 18. a4 axb4 19. cxb4 cxb4 20. Bd3 bxa4 21. Rxa4 Bd7
22. Rxb4 Rab8 23. Rc4 Qd8 24. Qc2 1/2-1/2